[Event "Copa Mercosur"]
[Site "Villa Martelli"]
[Date "2006.07.24"]
[Round "1"]
[White "Bachman, Axel"]
[Black "Fier, Alexandr"]
[Result "1/2-1/2"]
[WhiteElo "2448"]
[BlackElo "2459"]
[PlyCount "45"]
[EventDate "2006.07.24"]

1. e4 c5 2. Nf3 d6 3. Nc3 Nf6 4. e5 dxe5 5. Nxe5 e6 6. Bb5+ Nbd7 7. Qf3 Bd6 8.
Nxd7 Nxd7 9. Ne4 Be7 10. O-O O-O 11. Re1 Nf6 12. c3 Nxe4 13. Qxe4 Bf6 14. Bd3
g6 15. Bc2 Rb8 16. d4 cxd4 17. Bf4 e5 18. Bxe5 Bf5 19. Bxf6 Qxf6 20. Qf4 dxc3
21. bxc3 Kg7 22. Bxf5 Qxf5 23. Qd4+ 1/2-1/2

[Event "Copa Mercosur"]
[Site "Villa Martelli"]
[Date "2006.07.24"]
[Round "1"]
[White "Hungaski, Robert"]
[Black "COMP ZAP!Chess"]
[Result "1/2-1/2"]
[WhiteElo "2412"]
[BlackElo "2600"]
[Annotator "Roberto G Alvarez"]
[PlyCount "64"]
[EventDate "2006.07.24"]

1. e4 {0} 1... e6 {0} 2. d4 {20} 2... d5 {0} 3. Nc3 {102} 3... Bb4 {0} 4. e5 {
29} 4... c5 {0} 5. a3 {13} 5... Bxc3+ {0} 6. bxc3 {14} 6... Qc7 {0} 7. Qg4 {90}
7... f6 {#    '!?' Ivkov,B.  Jugada practicada entre otros por Predrag Nikolic.
Las alternativas son 7...f5 y 7....Ce7, aunque ambas, en el libro de aperturas
de ZapChess, estan marcadas como "no jugables" (desde el punto de vista del
estilo del programa) 0} 8. Nf3 {Jugado tras 13 minutos de reflexion. 720} 8...
c4 {'!?' Ivkov,B. 0} 9. a4 {Jugada bastante logica, pues abre la diagonal
a3-f8 para un posible desarrollo del alfil.. Hungaski me comento que le
molestaba que las negras pudiesen jugar ...Qa5 y ...Qa4, aunque esa maniobra
no es sencilla dada la debilidad del peon g7. 201} ({La teoria recomienda} 9.
Be2 Nc6 (9... Qf7 10. Qh4 Ne7 11. exf6 gxf6 12. g4 h6 13. Rg1 Nbc6 14. Qg3 Bd7
15. Qc7 b6 16. h4 e5 17. dxe5 fxe5 18. Nxe5 Nxe5 19. Qxe5 O-O-O 20. Bf4 Kb7 21.
O-O-O Ba4 22. Qc7+ Ka6 23. Be3 Rd7 {
1-0 Tseshkovsky,V-Yermolinsky,A/Tashkent 1987/EXT 97 (23)}) (9... Nc6 10. Qg3 (
10. O-O $5 Qf7 $1 (10... fxe5 11. dxe5 Nxe5 12. Nxe5 Qxe5 13. Bf4 $1 (13. Be3
Nh6 $1) 13... Qf6 14. Qg3 Nh6 15. Be5 Nf5 16. Bxf6 Nxg3 17. fxg3 gxf6 18. Rxf6
$16) 11. Qh3 $5 (11. a4 Qg6 12. Qxg6+ hxg6 13. Re1 Nge7 14. Bf1 g5 15. g4 b6
16. Kg2 Ng6 17. Kg3 Kf7 18. Bg2 Bd7 19. Rh1 Rag8 20. h3 Ke8 21. Bd2 {
1/2-1/2 Geller,J-Lysyj,I/Cheboksary 2006 (21)}) 11... Nge7 12. a4 Bd7 13. Ba3
O-O-O 14. a5 h5 $13 15. Nd2 fxe5 16. dxe5 Qf4 17. Nf3 Ng6 18. Bd6 Qe4 $1 19.
Bd1 Nf4 20. Qg3 h4 21. Qg5 $1 Ne2+ $2 (21... h3 $5 22. Re1 hxg2 23. Rxe4 Nh3+
24. Kxg2 Nxg5 25. Nxg5 dxe4 26. Nf7 Rh7 27. Nxd8 Nxd8 $13) (21... Rh5 $5 22.
Qxg7 h3 $5 23. Re1 $1 Qf5 24. g3 $1 (24. g4 $2 Rh7 $1 $17) 24... Ng2 $2 25. Rf1
$18) 22. Bxe2 Qxe2 23. Rfe1 $1 Qxc2 24. Qe3 Qd3 $4 (24... h3 25. Rab1 Qg6 $1
26. g3 Qd3) 25. Qc5 $1 Qxc3 (25... h3 26. Rab1 hxg2 27. a6 $1 b6 28. Rxb6 $3)
26. Rec1 $18 Qd3 27. Rab1 c3 28. a6 $1 Qxa6 29. Ra1 b6 (29... Qc4 30. Rxa7 $1)
30. Qxc3 Qb7 31. Nd4 a5 32. Rab1 {
1-0 Matulovic,M-Byrne,R/Sousse (izt) 4/235 1967/[Ivkov,B] (32)}) 10... Qf7 11.
exf6 gxf6 12. O-O Nge7 13. Nh4 e5 (13... Rg8 14. Qd6 Ng6 15. Bh5 Bd7 16. Qc7
Bc8 17. Qd6 Bd7 18. Bf4 Qe7 19. Nf5 Qxd6 20. Nxd6+ Ke7 21. Bxg6 Rxg6 22. Nxb7
e5 23. Rfe1 Bc8 24. Rab1 Rb8 25. Na5 Rxb1 26. Nxc6+ Kf7 27. Rxb1 exf4 28. Nxa7
Bf5 29. Rb7+ Kf8 30. Nc6 Be4 31. g3 f5 32. Ne5 Ra6 33. f3 Bxc2 34. Nd7+ Ke8 35.
Nb6 Rxa3 36. Nxd5 Bd1 37. Nc7+ Kd8 38. Ne6+ Kc8 39. Rc7+ Kb8 40. d5 Ra6 41.
Rxc4 fxg3 42. Rf4 gxh2+ 43. Kxh2 Ra3 44. d6 Kc8 45. Rd4 Ba4 46. Rxa4 {
1-0 Svidler,P-Nikolic,P/Panormo 2001 (46)}) (13... Bd7 14. Qc7 b6 15. a4 Na5
16. Ba3 Nec6 17. Nf5 exf5 18. Rfe1 Ne5 19. dxe5 fxe5 20. Qxe5+ Kd8 {
1-0 Sutovsky,E-Fraser Mitchell,J/Port Erin 1999 (20)}) 14. dxe5 Rg8 15. Qf4
Nxe5 16. Re1 Bg4 17. Nf3 Bxf3 18. Bxf3 Nxf3+ 19. Qxf3 O-O-O 20. Rb1 Rd7 21. Be3
Nc6 22. Bf4 Re8 23. Rxe8+ Qxe8 24. Bg3 Qg6 25. Re1 Qxc2 26. h3 b6 27. Qxf6 Qg6
28. Qf3 Kb7 29. h4 Ka6 30. h5 Qf7 31. Qxf7 Rxf7 32. Re6 Na5 33. Be5 Nb3 34. Rd6
Kb5 35. Rxd5+ Ka4 36. g4 Nc5 37. Rxc5 bxc5 38. g5 Kb5 39. g6 hxg6 40. hxg6 Rf8
41. f4 Kc6 42. Kg2 Kd5 43. Kf3 Rg8 44. g7 Ke6 45. Ke4 Rd8 46. Bc7 Rg8 47. Be5
Rd8 48. Bc7 {1/2-1/2 Acs,P-Nikolic,P/Tripoli 2004 (48)})) (9. h4 h5 10. Qf4 Qf7
11. Be2 Nc6 12. a4 Nge7 13. a5 Bd7 14. exf6 gxf6 15. Qc7 Bc8 16. a6 Nf5 17.
axb7 Bxb7 18. Qh2 Rg8 19. Ba3 O-O-O 20. Rb1 Qc7 21. Qxc7+ Kxc7 22. g3 Nd6 23.
Nd2 Rh8 24. O-O a6 25. f4 Nb5 26. Bb2 e5 27. fxe5 fxe5 28. Rf7+ Rd7 29. Rxd7+
Kxd7 30. dxe5 Nxe5 31. Nf3 Ng4 32. Ng5 Re8 33. Bxg4+ hxg4 34. Rf1 a5 35. h5 a4
36. h6 a3 37. Rf7+ Kc6 {0-1 Grigoryan,A-Lysyj,I/Moscu 2006 (37)}) (9. Qg3 Qf7
10. h4 h5 11. Be2 Nc6 12. a4 Bd7 13. O-O Nge7 14. Ba3 Nf5 15. Qh2 O-O-O 16.
Rfb1 Rdg8 17. a5 fxe5 18. Rb5 e4 19. Ng5 Qe8 20. Rab1 Nd8 21. R5b2 Bc6 22. Bc5
a6 23. Rb6 e5 24. dxe5 Ne6 25. Bd6 Nxd6 26. exd6 Nxg5 27. hxg5 Qd7 28. Qe5 Rd8
29. Qd4 Qxd6 {1/2-1/2 Santosh,M-Buese,R/IECG 2000/Telechess CBM 87 (29)}) 9...
Nc6 {523} 10. Qf4 $146 {Novedad. Hay un antecedente con 10.Qg3, que parece
algo mejor, ya que la dama queda presionando en g7. 835} (10. Qg3 Qf7 11. Ba3
Nge7 12. Be2 O-O 13. exf6 Qxf6 14. O-O Bd7 15. Qc7 Rfd8 16. Qxb7 Ng6 17. Bd6
Qf5 18. Qb1 h5 19. Qc1 Be8 20. Bg3 Bf7 21. Re1 Rf8 22. Bf1 h4 23. Nxh4 Nxh4 24.
Bxh4 Rae8 25. Bg3 Bg6 26. Re2 Bh5 27. f3 Rf6 28. Qe3 Rg6 29. Rae1 Rf8 30. Qd2
Rf7 31. Re5 Nxe5 32. Rxe5 Qf6 33. Rxh5 Rb7 34. Re5 Qf7 35. Re1 Rb2 36. Rc1 Qe7
37. Ra1 Rf6 38. Qc1 Qb7 39. Bd6 Rf7 40. Bb4 Rxb4 41. cxb4 Qxb4 42. c3 Qd6 43.
Qe3 Rb7 44. g3 Re7 45. f4 g5 46. Re1 gxf4 47. Qxf4 Qa3 48. Qg4+ Kf8 49. Rb1
Qxa4 50. Rb8+ Re8 51. Qf4+ Kg8 52. Qg5+ Kf8 53. Qf6+ Kg8 {
1-0 Mrdja,M-Rossato,A/Jesolo 1999/EXT 2001 (53)}) 10... fxe5 {250} ({
Merecia considerarse tambien} 10... Qf7 $5) 11. Nxe5 {106} 11... Nxe5 {132} 12.
Qxe5 {182} 12... Qxe5+ {50} 13. dxe5 {La posicion se ha simplificado bastante,
lo cual es del agrado de las blancas, ya que contra un programa fuerte como
ZapChess es importante llevar la lucha por senderos posicionales, evitando las
posiciones abiertas con mucha tactica. 13} 13... b6 {217} 14. g3 {730} (14. a5)
14... Ne7 {225} 15. f4 {264} 15... Bd7 {170} 16. Bh3 {248} 16... Kf7 {164} (
16... Nc6 17. Ba3 (17. Ke2 Kd8)) 17. Be3 {164} 17... Nc6 {La posicion es
equilibrada, ya que si bien el Bd7 es bastante malo, ayuda a presionar sobre
el peon a4 y defiende e6. Tampoco es muy bueno el alfil blanco de casillas
negras.... Y no hay columnas abiertas para las torres de ningun bando... 158}
18. Bg2 {354} 18... g6 {Tras esto, las negras estan condenadas a esperar,
aunque por cierto, su posicion es muy solida. 164} (18... Kg6) ({
A las blancas les preocupaba mas algo como} 18... Ne7 19. a5 (19. Bh3 Rhc8)
19... bxa5 20. Rxa5 a6 21. Kd2 Rhb8 22. Rha1 Bb5 {pero de todos modos,
Hungaski me comento que no iba a jugar a4-a5 abriendo la posicion...}) (18...
g5 19. fxg5) 19. h4 {137} 19... h5 {# Las negras no tienen ninguna ruptura, y
las blancas tampoco estan interesadas en abrir la posicion. Sigue una serie de
maniobras de espera.... 147} 20. Kd2 {386} 20... Rac8 {142} 21. Ra3 {38} 21...
Na5 {137} 22. Bd4 {61} 22... Ke7 {133} 23. Rha1 {179} 23... Kf7 {128} 24. Rh1 {
14} 24... Nb7 {94} 25. Ke3 {120} 25... Ke7 {92} 26. Bf3 {153} 26... Rhf8 {91}
27. Rg1 {73} 27... Rh8 {88} 28. Rh1 {10} 28... Rhf8 {71} 29. Rg1 {10} 29... Rg8
{85} 30. Rh1 {103} 30... Rgd8 {83} 31. Rg1 {18} 31... Rf8 {82} 32. Rh1 {48}
32... Rg8 {Finalmente, acordamos el empate, ya que es evidente que las negras
nada pueden hacer para jugar a ganar. 80} 1/2-1/2

[Event "Copa Mercosur"]
[Site "Villa Martelli"]
[Date "2006.07.24"]
[Round "1"]
[White "Liascovich, Lucas"]
[Black "Needleman, Gaston"]
[Result "1-0"]
[WhiteElo "2395"]
[BlackElo "2435"]
[PlyCount "101"]
[EventDate "2006.07.24"]

1. d4 Nf6 2. c4 g6 3. Nc3 Bg7 4. e4 d6 5. Be2 O-O 6. Nf3 c5 7. O-O Na6 8. e5
Ne8 9. dxc5 Nxc5 10. Be3 Ne6 11. exd6 Nxd6 12. Bd3 b6 13. Rc1 Bb7 14. Qe2 Nc5
15. Bb1 e6 16. Rfd1 Qe7 17. Bf4 Bxf3 18. Qxf3 Nxc4 19. Qe2 Nxb2 20. Bd6 Nxd1
21. Bxe7 Nxc3 22. Qf3 Nb5 23. Bxf8 Rxf8 24. h4 h5 25. Re1 Rd8 26. Qc6 Nc3 27.
Qc7 Rd2 28. Qb8+ Kh7 29. Qe8 Rb2 30. Qxf7 Nxb1 31. g4 Rb4 32. gxh5 Rg4+ 33. Kh2
Rxh4+ 34. Kg2 Nc3 35. Qxg6+ Kh8 36. Qg5 Rd4 37. h6 Rd7 38. Rh1 Bd4 39. Rh4 N3e4
40. Qg6 Rd8 41. Rxe4 Nxe4 42. Qxe4 Rg8+ 43. Kf1 e5 44. Ke2 a5 45. a4 b5 46.
axb5 a4 47. Qf3 Kh7 48. Qf7+ Kh8 49. b6 a3 50. b7 a2 51. b8=Q 1-0

[Event "Copa Mercosur"]
[Site "Villa Martelli"]
[Date "2006.07.24"]
[Round "1"]
[White "Panno, Oscar"]
[Black "Rojas Keim, Luis"]
[Result "1/2-1/2"]
[WhiteElo "2459"]
[BlackElo "2464"]
[PlyCount "90"]
[EventDate "2006.07.24"]

1. c4 e5 2. Nc3 Nf6 3. Nf3 Nc6 4. g3 Bb4 5. Bg2 O-O 6. O-O e4 7. Ne1 Re8 8. Nd5
Bf8 9. d3 exd3 10. Nxd3 Ne4 11. b3 d6 12. Bb2 Bf5 13. f3 Ng5 14. Nf2 h6 15. Qd2
Rb8 16. Rac1 Ne7 17. e4 Nxd5 18. cxd5 Bd7 19. f4 Nh7 20. e5 dxe5 21. fxe5 f6
22. Qf4 Bb5 23. Rfe1 fxe5 24. Bxe5 Bd6 25. Bxd6 Rxe1+ 26. Rxe1 cxd6 27. Qb4 Qb6
28. a4 Rf8 29. Qd2 Bd7 30. Re3 a5 31. h3 Nf6 32. Kh2 Re8 33. Nd1 Qc5 34. Rxe8+
Bxe8 35. Ne3 Bf7 36. g4 b6 37. Kg3 Bg6 38. Kf4 Nd7 39. Be4 Bxe4 40. Kxe4 Qa3
41. Qc2 Nc5+ 42. Kf3 Qa1 43. Qf5 Qh1+ 44. Ke2 Qh2+ 45. Kd1 Qxh3 1/2-1/2

[Event "Copa Mercosur"]
[Site "Villa Martelli"]
[Date "2006.07.24"]
[Round "1"]
[White "Rodriguez, Andres"]
[Black "Stamenkovic, Dragan"]
[Result "1-0"]
[WhiteElo "2511"]
[BlackElo "2393"]
[Annotator "Roberto G Alvarez"]
[PlyCount "83"]
[EventDate "2006.07.24"]

1. f4 d5 2. Nf3 c5 3. g3 Nc6 4. Bg2 g6 5. O-O Bg7 6. d3 Nf6 7. Qe1 O-O 8. e4
dxe4 9. dxe4 e5 10. Nc3 Be6 (10... Nd4 11. Rf2 Ng4 12. Rd2 exf4 13. gxf4 Nxf3+
14. Bxf3 Bd4+ 15. Kh1 Bxc3 16. bxc3 Qf6 17. Rg2 Ne5 18. Be2 Nc6 19. Be3 Qe7 20.
Bf3 b6 21. h4 Bb7 22. h5 Rfe8 23. hxg6 hxg6 24. Qg3 Na5 25. Re1 Qc7 26. Bg1 Kg7
27. Bh2 Nc4 28. Qg4 Rad8 29. f5 Ne5 30. Bxe5+ Qxe5 31. fxg6 f5 32. Qg3 fxe4 33.
Qxe5+ Rxe5 {0-1 Kusnetsov,S-Vovk,A/Alushta 2006 (33)}) 11. f5 Bc4 (11... gxf5
12. exf5 Bxf5 13. Nxe5 Nd4 14. Qf2 Qc7 15. Bf4 Nh5 16. Nd5 Qd8 17. c3 Nxf4 18.
gxf4 Ne6 19. Rad1 Re8 20. Kh1 Qa5 21. Qg3 Qd8 22. Rg1 Kf8 23. Bh3 Be4+ 24. Bg2
Bf5 25. Bf3 f6 26. Ne3 Qa5 27. Nxf5 fxe5 28. Nxg7 {
1-0 Montigel,P-Rapp,U/Wuerttemberg 2000/EXT 2005 (28)}) 12. Rf2 Ng4 13. Rd2 Qa5
14. h3 Nf6 15. g4 h6 16. Rf2 Rae8 17. Nd2 Bb5 18. Nxb5 Qxb5 19. c3 Qa5 20. Nb3
Qb5 21. Bf1 Qb6 22. g5 hxg5 23. Bxg5 gxf5 24. Rxf5 c4+ 25. Be3 Qc7 26. Nd2 Ne7
27. Rg5 b5 28. h4 Nh7 29. Rg2 Kh8 30. a4 a6 31. axb5 axb5 32. h5 f5 33. Ra7 Qc6
{#} 34. Rxg7 Kxg7 35. Qg3+ Kf7 (35... Kf6) 36. Nxc4 $1 Rg8 (36... bxc4 37.
Bxc4+ Kf6 (37... Qxc4 38. Qg6#) 38. Ra6) 37. Nxe5+ $18 Kf8 (37... Kf6) 38. Ng6+
(38. Qxg8+ Kxg8 (38... Nxg8 39. Rf7#) 39. Nxc6 Nxc6 40. Bxb5 Rxe4 41. Bxc6 Rxe3
42. Bd5+ $18) 38... Kf7 (38... Nxg6 39. Bh6+ Rg7 40. Rxg7) 39. exf5 Qe4 40. Bg2
Qb1+ 41. Kh2 Rg7 42. Bd5+ (42. Bd5+ Kf6 43. Qe5#) 1-0

[Event "Copa Mercosur"]
[Site "Villa Martelli"]
[Date "2006.07.24"]
[Round "1"]
[White "Slipak, Sergio"]
[Black "Alonso, Salvador"]
[Result "1/2-1/2"]
[WhiteElo "2463"]
[BlackElo "2441"]
[PlyCount "29"]
[EventDate "2006.07.24"]

1. d4 d5 2. c4 c6 3. Nf3 Nf6 4. e3 Bf5 5. Bd3 Bxd3 6. Qxd3 e6 7. Nc3 Bb4 8. O-O
Nbd7 9. Bd2 a5 10. a3 Be7 11. e4 Nc5 12. dxc5 dxe4 13. Qxd8+ Rxd8 14. Nxe4 Nxe4
15. Bxa5 1/2-1/2

[Event "Copa Mercosur"]
[Site "Villa Martelli"]
[Date "2006.07.24"]
[Round "1"]
[White "Valerga, Diego"]
[Black "Prasca Sosa, Raphael"]
[Result "1/2-1/2"]
[WhiteElo "2470"]
[BlackElo "2442"]
[Annotator "Roberto G Alvarez"]
[PlyCount "52"]
[EventDate "2006.07.24"]

1. e4 {0} 1... e6 2. d4 d5 3. Nc3 Bb4 4. e5 c5 5. a3 Bxc3+ 6. bxc3 Qa5 7. Bd2
Qa4 8. h4 c4 (8... Nc6 9. Nf3 (9. h5 h6 10. Nf3 Nge7 11. Rh4 c4 12. Rf4 Bd7 13.
Be3 Rf8 14. Kd2 O-O-O 15. Nh4 Nf5 16. Nxf5 exf5 17. g4 fxg4 18. Rxg4 Rg8 19.
Rg1 Bf5 20. Ra2 Qa5 21. Qf3 Be6 22. Bh3 Rdf8 23. Raa1 Qc7 24. Rg3 Ne7 25. Rag1
Qd7 26. Bf1 Bf5 27. Qf4 g5 28. hxg6 fxg6 29. Qxh6 Qa4 30. Ke1 Qxc2 31. Bc1 Bd3
32. Qd2 Qxd2+ 33. Bxd2 Bxf1 34. Kxf1 Kd7 35. Ke2 Rf7 36. Bg5 Nf5 37. Rg4 Rgf8
38. Bf6 Ne7 39. R1g2 Rg8 40. Bxe7 Kxe7 41. Rxg6 Rgf8 42. Rd6 Rf3 43. Rxd5 Rxc3
44. Rg7+ Ke6 45. Rd6+ Kf5 46. f3 Rc2+ 47. Ke3 Rc3+ 48. Kf2 Rd3 49. Rxb7 c3 50.
Rc7 Kg5 51. Rg7+ Kh5 52. Rf6 Rxf6 53. exf6 Rxd4 54. Ke3 Rd6 55. Rxa7 Rc6 56. f7
c2 57. Ra5+ Kg6 58. f8=Q c1=Q+ 59. Kf2 Rc2+ 60. Kg3 Qg1+ 61. Kf4 Qd4+ 62. Kg3
Qg1+ 63. Kf4 Qd4+ {1/2-1/2 Khalifman,A-Shulman,Y/Khanty Mansyisk 2005 (63)})
9... cxd4 (9... Nge7 10. h5 h6 11. Rh4 c4 12. Rf4 Bd7 13. Nh4 Nf5 14. Nxf5 exf5
15. g4 fxg4 16. Be2 Nd8 17. Bxg4 Ne6 18. Rf3 Ng5 19. Rg3 O-O-O 20. Bxg5 hxg5
21. Kd2 f5 22. Bf3 g4 23. Bxd5 Qb5 24. Qh1 b6 25. Rb1 Qa5 26. Bxc4 f4 27. Rgg1
Ba4 28. Rb4 Kb8 29. Rxg4 Rd7 30. Qe4 Rhd8 31. e6 Rc7 32. Qxf4 Kb7 33. Rg5 b5
34. Rgxb5+ {1-0 Khalifman,A-Shulman,Y/Khanty Mansyisk 2005 (34)}) 10. cxd4 b6
11. Qe2 Nge7 12. Qb5 Qxb5 13. Bxb5 Bd7 14. a4 Nf5 15. Bxc6 Bxc6 16. g4 Ne7 17.
h5 h6 18. Nh4 a5 19. f4 Bd7 20. Rf1 g6 21. hxg6 fxg6 22. Rb1 Ra6 23. Bc1 Rg8
24. Ra1 h5 25. Rg1 hxg4 26. Rxg4 Kf7 27. Ba3 Nf5 28. Nxf5 gxf5 29. Rxg8 Kxg8
30. Bd6 Ra8 31. Kd2 Rc8 32. c3 Rc4 33. Rb1 Rxa4 34. Rxb6 Ra2+ 35. Ke3 Rc2 36.
Kd3 {1/2-1/2 Sandipan,C-Lysyj,I/Moscow 2004/EXT 2005 (36)}) (8... b6 9. h5 h6
10. Rh4 Ba6 11. Bxa6 Qxa6 12. Rg4 Rh7 13. Qf3 Nc6 14. Rf4 Nd8 15. Nh3 Ne7 16.
g4 Rh8 17. g5 hxg5 18. Nxg5 Nf5 19. dxc5 bxc5 20. c4 Nd4 21. Rxd4 cxd4 22. cxd5
exd5 23. Bb4 Qb7 24. O-O-O Rb8 25. Rxd4 a5 26. Bc5 Qb1+ 27. Kd2 Rb2 28. Qd3
Rxh5 29. Rxd5 Qxc2+ 30. Qxc2 Rxc2+ 31. Kxc2 Rxg5 32. Be3 Rf5 33. Rxa5 Nc6 34.
Ra8+ Kd7 35. f4 g5 36. fxg5 Nxe5 37. a4 f6 38. Ra7+ Kc8 39. Ra8+ Kd7 40. gxf6
Rxf6 41. a5 Nc6 42. Bb6 Re6 43. Kc3 Re8 44. Rxe8 Kxe8 45. a6 Kd7 46. Be3 Kc7
47. Bf4+ {1/2-1/2 Dinger,F-Szoen,D/Pardubice 2005/CBM 107 ext (47)}) 9. Qg4 g6
10. Qd1 h5 11. Nh3 Nc6 12. Bg5 Bd7 13. Be2 Nge7 14. Bf6 Rf8 15. Qd2 O-O-O 16.
Ng5 Kb8 17. g4 hxg4 18. Bxg4 Rc8 19. h5 gxh5 20. Rxh5 Nf5 21. Bxf5 exf5 22. Rh7
Be6 23. Ke2 Ka8 24. Qc1 f4 25. Nxe6 fxe6 26. Qb2 b6 1/2-1/2

[Event "Copa Mercosur"]
[Site "Villa Martelli"]
[Date "2006.07.25"]
[Round "2"]
[White "Alonso, Salvador"]
[Black "Rodriguez, Andres"]
[Result "1/2-1/2"]
[WhiteElo "2441"]
[BlackElo "2511"]
[PlyCount "130"]
[EventDate "2006.07.24"]

1. e4 e5 2. Nf3 Nc6 3. Bc4 Nf6 4. d3 Be7 5. O-O O-O 6. Re1 d6 7. c3 Na5 8. Bb5
c5 9. Nbd2 Qc7 10. Ba4 Rb8 11. Bc2 b5 12. d4 b4 13. cxb4 cxb4 14. b3 Nd7 15.
Bb2 Bf6 16. Rc1 Qb6 17. Nf1 exd4 18. Bxd4 Bxd4 19. Qxd4 Ne5 20. Qxb6 Nxf3+ 21.
gxf3 Rxb6 22. Ne3 Be6 23. Bd3 Rc6 24. Rxc6 Nxc6 25. Rc1 Nd4 26. f4 a5 27. f5
Bd7 28. Kg2 Rc8 29. Rxc8+ Bxc8 30. f3 g6 31. f6 Be6 32. Nc4 Bxc4 33. Bxc4 g5
34. Kg3 Nc6 35. f4 gxf4+ 36. Kxf4 Ne5 37. Be2 h6 38. Ke3 Nd7 39. Kd4 Nxf6 40.
Bf3 Kg7 41. Kc4 Kg6 42. h4 Nd7 43. Kb5 Ne5 44. Be2 f5 45. exf5+ Kxf5 46. Kxa5
Nc6+ 47. Kb6 Nd4 48. Bd1 Ke4 49. Ka5 Nc6+ 50. Kb5 Ne5 51. Kxb4 d5 52. a4 d4 53.
a5 Kd5 54. Kb5 Kd6 55. b4 d3 56. a6 Kc7 57. Kc5 d2 58. b5 Nd3+ 59. Kd4 Nb2 60.
Bf3 Kb6 61. Ke5 Nc4+ 62. Kf6 Nd6 63. Kg6 Nxb5 64. Kxh6 Nd4 65. Bd1 Nf5+ 1/2-1/2